[Event "NB2 Barcza csoport"]
[Site "Miskolc"]
[Date "2024.12.15"]
[Round "4.1"]
[White "Nadasi, Endre"]
[Black "Kassay, Krisztian"]
[Result "0-1"]
[WhiteElo "1943"]
[BlackElo "2107"]
[PlyCount "49"]
[GameId "2123406393514520"]
[EventDate "2024.11.03"]
[EventType "team-tourn"]
[EventRounds "9"]
[EventCountry "HUN"]
[Source "chess.hu"]
[WhiteTeam "DVTK II."]
[BlackTeam "M.Sportisk-KisBocsok"]
[WhiteTeamCountry "HUN"]
[BlackTeamCountry "HUN"]

1. c4 c5 2. Nc3 b6 3. Nf3 Bb7 4. d3 g6 5. e4 Bg7 6. Be2 Nc6 7. O-O e6 8. Nb5 d6 9. Bf4 e5 10. Bg5 f6 11. Bd2 Nge7 12. Qc1 O-O 13. a3 Qd7 14. Rb1 f5 15. Bh6 Nd4 16. Nbxd4 cxd4 17. Bxg7 Kxg7 18. exf5 Qxf5 19. Qg5 Qe6 20. Qh4 h6 21. Nd2 Rf6 22. Qg3 Rf4 23. Nf3 Nf5 24. Qh3 Rh4 25. Nd2 0-1

[Event "NB2 Barcza csoport"]
[Site "Miskolc"]
[Date "2024.12.15"]
[Round "4.2"]
[White "Kassay, Lilla"]
[Black "Laszlo, Zoltan"]
[Result "1/2-1/2"]
[WhiteElo "2059"]
[BlackElo "1898"]
[PlyCount "58"]
[GameId "2123406428310056"]
[EventDate "2024.11.03"]
[EventType "team-tourn"]
[EventRounds "9"]
[EventCountry "HUN"]
[Source "chess.hu"]
[WhiteTeam "M.Sportisk-KisBocsok"]
[BlackTeam "DVTK II."]
[WhiteTeamCountry "HUN"]
[BlackTeamCountry "HUN"]

1. e4 c5 2. Nf3 e6 3. d4 cxd4 4. Nxd4 a6 5. Nc3 Qc7 6. Bd3 Nc6 7. Be3 Nf6 8. Nxc6 dxc6 9. O-O e5 10. h3 Bd6 11. Qf3 Be6 12. Rfd1 O-O 13. Ne2 Rad8 14. Ng3 Rfe8 15. Nf1 Be7 16. g4 h6 17. Ng3 c5 18. Kh2 c4 19. Be2 Rxd1 20. Rxd1 Rd8 21. Rg1 Qc6 22. c3 Kh7 23. g5 hxg5 24. Nf5 Bxf5 25. Qxf5+ g6 26. Qxg5 Qxe4 27. Rg3 Ng8 28. Qg4 Qxg4 29. Rxg4 a5 1/2-1/2

[Event "NB2 Barcza csoport"]
[Site "Miskolc"]
[Date "2024.12.15"]
[Round "4.3"]
[White "Adam, Zoltan"]
[Black "Zelena, Tamas"]
[Result "1/2-1/2"]
[WhiteElo "1883"]
[BlackElo "1987"]
[PlyCount "71"]
[GameId "2123406465702456"]
[EventDate "2024.11.03"]
[EventType "team-tourn"]
[EventRounds "9"]
[EventCountry "HUN"]
[Source "chess.hu"]
[WhiteTeam "DVTK II."]
[BlackTeam "M.Sportisk-KisBocsok"]
[WhiteTeamCountry "HUN"]
[BlackTeamCountry "HUN"]

1. d4 d5 2. e3 Nf6 3. Bd3 Nc6 4. f4 Bg4 5. Nf3 e6 6. c3 Ne4 7. Nbd2 f5 8. Qa4 Nxd2 9. Bxd2 Bxf3 10. gxf3 Qh4+ 11. Ke2 Bd6 12. Rag1 g6 13. c4 O-O-O 14. Be1 Qf6 15. c5 Bxf4 16. Bb5 Bh6 17. Bxc6 bxc6 18. Qxc6 f4 19. Ba5 Qf7 20. Rc1 Rhf8 21. Rc3 fxe3 22. Rf1 Qf4 23. Rb3 Qxh2+ 24. Kd3 e2 25. Qxe6+ Rd7 26. Qxe2 Qxe2+ 27. Kxe2 Re7+ 28. Kd1 c6 29. Bd2 Bxd2 30. Kxd2 Rfe8 31. Rf2 h5 32. Rd3 g5 33. Rh2 h4 34. f4 gxf4 35. Rxh4 Re4 36. Rh6 1/2-1/2

[Event "NB2 Barcza csoport"]
[Site "Miskolc"]
[Date "2024.12.15"]
[Round "4.4"]
[White "Vanczak, Attila"]
[Black "Gyorgy, Balazs"]
[Result "1/2-1/2"]
[WhiteElo "2118"]
[BlackElo "1804"]
[PlyCount "38"]
[GameId "2123406500821576"]
[EventDate "2024.11.03"]
[EventType "team-tourn"]
[EventRounds "9"]
[EventCountry "HUN"]
[Source "chess.hu"]
[WhiteTeam "M.Sportisk-KisBocsok"]
[BlackTeam "DVTK II."]
[WhiteTeamCountry "HUN"]
[BlackTeamCountry "HUN"]

1. e4 e6 2. d3 d5 3. Nd2 Nf6 4. Qe2 Be7 5. g3 c5 6. Bg2 Nc6 7. c3 O-O 8. Ngf3 d4 9. O-O e5 10. Nc4 Nd7 11. a4 b6 12. h4 Ba6 13. Bh3 Bxc4 14. dxc4 Qc7 15. Bg5 Bxg5 16. Nxg5 Rfd8 17. Kg2 Nf8 18. Rad1 Rd6 19. Rd3 Re8 1/2-1/2

[Event "NB2 Barcza csoport"]
[Site "Miskolc"]
[Date "2024.12.15"]
[Round "4.5"]
[White "Juhasz, Sandor"]
[Black "Horvath, Peter"]
[Result "0-1"]
[WhiteElo "1825"]
[BlackElo "1968"]
[PlyCount "120"]
[GameId "2123406538078808"]
[EventDate "2024.11.03"]
[EventType "team-tourn"]
[EventRounds "9"]
[EventCountry "HUN"]
[Source "chess.hu"]
[WhiteTeam "DVTK II."]
[BlackTeam "M.Sportisk-KisBocsok"]
[WhiteTeamCountry "HUN"]
[BlackTeamCountry "HUN"]

1. d4 d5 2. Nc3 Nf6 3. Bf4 a6 4. e3 e6 5. Nf3 c5 6. a3 Nc6 7. Be2 Be7 8. h3 Nd7 9. O-O cxd4 10. exd4 O-O 11. Re1 Bf6 12. Qd2 b5 13. Nd1 Bb7 14. c3 Na5 15. Qc2 Nc4 16. b3 Na5 17. Bd3 h6 18. Ne3 g5 19. Bd6 Re8 20. Ng4 Bg7 21. Bh2 Nc6 22. Nge5 Ndxe5 23. Nxe5 Nxe5 24. Bxe5 f6 25. Bg3 e5 26. f3 Qb6 27. Bf2 Qc6 28. Bf5 Re7 29. Re3 Bc8 30. Bh7+ Kh8 31. Rae1 Qd7 32. Bd3 Bb7 33. Qe2 Rc8 34. Bb1 Qd6 35. b4 Rce8 36. Bg3 Qe6 37. Bg6 Rc8 38. Bh5 e4 39. f4 f5 40. Qd1 Rc6 41. Be2 Qc8 42. Qd2 Bf6 43. Kh2 Rg7 44. a4 bxa4 45. b5 Rb6 46. bxa6 Bxa6 47. Qa2 Bxe2 48. R1xe2 Qc4 49. Qxc4 dxc4 50. Ra2 Re7 51. Re1 Rb3 52. fxg5 hxg5 53. Be5 Kg7 54. g4 Bxe5+ 55. dxe5 Kg6 56. gxf5+ Kxf5 57. Re3 a3 58. Rf2+ Kxe5 59. Rfe2 Rb2 60. Rxb2 axb2 0-1

[Event "NB2 Barcza csoport"]
[Site "Miskolc"]
[Date "2024.12.15"]
[Round "4.6"]
[White "Szurovszky, Elek"]
[Black "Matyas, Imre Dr."]
[Result "1/2-1/2"]
[WhiteElo "1957"]
[BlackElo "1855"]
[PlyCount "50"]
[GameId "2123406584142444"]
[EventDate "2024.11.03"]
[EventType "team-tourn"]
[EventRounds "9"]
[EventCountry "HUN"]
[Source "chess.hu"]
[WhiteTeam "M.Sportisk-KisBocsok"]
[BlackTeam "DVTK II."]
[WhiteTeamCountry "HUN"]
[BlackTeamCountry "HUN"]

1. e4 e5 2. Nf3 Nc6 3. d4 exd4 4. Nxd4 Nxd4 5. Qxd4 d6 6. Bc4 Be6 7. Nc3 Nf6 8. O-O Be7 9. Bg5 Bxc4 10. Qxc4 O-O 11. Rad1 Ne8 12. Be3 a6 13. a4 Qc8 14. Nd5 Qe6 15. Qd3 Rc8 16. f4 Nf6 17. f5 Qd7 18. e5 Nxd5 19. Qxd5 Qc6 20. f6 Qxd5 21. Rxd5 Bd8 22. fxg7 Re8 23. Bf4 dxe5 24. Rxe5 Bf6 25. Rxe8+ Rxe8 1/2-1/2

[Event "NB2 Barcza csoport"]
[Site "Miskolc"]
[Date "2024.12.15"]
[Round "4.7"]
[White "Herczeg, Benedek"]
[Black "Pasztor, Lorant"]
[Result "0-1"]
[WhiteElo "1773"]
[BlackElo "1928"]
[PlyCount "44"]
[GameId "2123406636722812"]
[EventDate "2024.11.03"]
[EventType "team-tourn"]
[EventRounds "9"]
[EventCountry "HUN"]
[Source "chess.hu"]
[WhiteTeam "DVTK II."]
[BlackTeam "M.Sportisk-KisBocsok"]
[WhiteTeamCountry "HUN"]
[BlackTeamCountry "HUN"]

1. e4 Nf6 2. e5 Nd5 3. d4 d6 4. c4 Nb6 5. exd6 cxd6 6. Nc3 g6 7. Be3 Bg7 8. Qd2 Nc6 9. h3 d5 10. c5 Nc4 11. Bxc4 dxc4 12. Nf3 Bf5 13. a3 Na5 14. Qd1 Nb3 15. Ra2 Bd3 16. Ne2 Qa5+ 17. Bd2 Nxd2 18. Qxd2 Qxd2+ 19. Kxd2 O-O-O 20. Rd1 e5 21. Ke1 exd4 22. Nd2 Rhe8 0-1

[Event "NB2 Barcza csoport"]
[Site "Miskolc"]
[Date "2024.12.15"]
[Round "4.8"]
[White "Simon, Balint"]
[Black "Csiki, Laszlo Levente"]
[Result "1/2-1/2"]
[WhiteElo "1749"]
[BlackElo "1746"]
[PlyCount "70"]
[GameId "2123406677904012"]
[EventDate "2024.11.03"]
[EventType "team-tourn"]
[EventRounds "9"]
[EventCountry "HUN"]
[Source "chess.hu"]
[WhiteTeam "M.Sportisk-KisBocsok"]
[BlackTeam "DVTK II."]
[WhiteTeamCountry "HUN"]
[BlackTeamCountry "HUN"]

1. e4 e5 2. Nf3 Nc6 3. Bb5 a6 4. Ba4 Nf6 5. d3 b5 6. Bb3 Be7 7. Nbd2 d6 8. h3 O-O 9. O-O Na5 10. c3 Nxb3 11. Nxb3 c5 12. Qe2 Qc7 13. Bg5 Bb7 14. Nbd2 Rfe8 15. c4 b4 16. Nh2 Qd8 17. Bh4 Qc7 18. Bg3 g6 19. Ng4 Nh5 20. Bh2 Nf4 21. Qe3 Bg5 22. h4 Qd7 23. Bxf4 exf4 24. Qf3 Bxh4 25. Qxf4 Qe7 26. Nf3 g5 27. Qf5 Bc8 28. Nf6+ Kf8 29. Nxh7+ Kg7 30. Nxh4 gxh4 31. Qh5 f6 32. Nxf6 Kxf6 33. Qh6+ Kf7 34. Qh7+ Kf8 35. Qh8+ Kf7 1/2-1/2

[Event "NB2 Barcza csoport"]
[Site "Miskolc"]
[Date "2024.12.15"]
[Round "4.9"]
[White "Ress, Amira"]
[Black "Hajdu, Zoltan"]
[Result "0-1"]
[WhiteElo "1690"]
[BlackElo "1817"]
[PlyCount "53"]
[GameId "2123406714440348"]
[EventDate "2024.11.03"]
[EventType "team-tourn"]
[EventRounds "9"]
[EventCountry "HUN"]
[Source "chess.hu"]
[WhiteTeam "DVTK II."]
[BlackTeam "M.Sportisk-KisBocsok"]
[WhiteTeamCountry "HUN"]
[BlackTeamCountry "HUN"]

1. d4 Nf6 2. c4 Nc6 3. Nf3 e6 4. Nc3 Bb4 5. Bd2 O-O 6. e3 d6 7. a3 Bxc3 8. Bxc3 Ne4 9. Qc2 f5 10. g3 a5 11. Bg2 Qf6 12. d5 Nxc3 13. dxc6 Ne4 14. Nd4 e5 15. Bxe4 fxe4 16. cxb7 Bxb7 17. Nb5 Qf3 18. Rf1 d5 19. cxd5 Bxd5 20. Rd1 c6 21. Nc7 Rac8 22. Nxd5 cxd5 23. Qb3 Kh8 24. Rxd5 Rc1+ 25. Rd1 Rfc8 26. Kd2 Rxd1+ 27. Qxd1 0-1

[Event "NB2 Barcza csoport"]
[Site "Miskolc"]
[Date "2024.12.15"]
[Round "4.10"]
[White "Homolya, Daniel"]
[Black "Toth, Kinga"]
[Result "0-1"]
[WhiteElo "1739"]
[BlackElo "1672"]
[PlyCount "70"]
[GameId "2123406762433196"]
[EventDate "2024.11.03"]
[EventType "team-tourn"]
[EventRounds "9"]
[EventCountry "HUN"]
[Source "chess.hu"]
[WhiteTeam "M.Sportisk-KisBocsok"]
[BlackTeam "DVTK II."]
[WhiteTeamCountry "HUN"]
[BlackTeamCountry "HUN"]

1. e4 c5 2. Nf3 d6 3. d4 cxd4 4. Nxd4 Nf6 5. Nc3 a6 6. Be2 e5 7. Nb3 Be6 8. Bg5 Nbd7 9. Qd2 Be7 10. Bxf6 Nxf6 11. Rd1 O-O 12. a4 Rc8 13. O-O h6 14. Rfe1 Qb6 15. Qe3 Qb4 16. Rb1 Bd8 17. Nc1 Bb6 18. Nd3 Bxe3 19. Nxb4 Bd2 20. Red1 Bxc3 21. bxc3 Nxe4 22. Re1 Nxc3 23. Ra1 e4 24. a5 Rc5 25. Bf1 Rfc8 26. Re3 d5 27. Rg3 Nb5 28. Rd1 Nd6 29. Ra3 Nb5 30. Re3 Nc3 31. Ra1 d4 32. Rg3 Bc4 33. Rg4 Bxf1 34. Kxf1 Rc4 35. Na2 Ra4 0-1

[Event "NB2 Barcza csoport"]
[Site "Miskolc"]
[Date "2024.12.15"]
[Round "4.11"]
[White "Turcsanyi, Vendel Tamas"]
[Black "Gal, Andras"]
[Result "0-1"]
[WhiteElo "1612"]
[BlackElo "1700"]
[PlyCount "52"]
[GameId "2123406802365116"]
[EventDate "2024.11.03"]
[EventType "team-tourn"]
[EventRounds "9"]
[EventCountry "HUN"]
[Source "chess.hu"]
[WhiteTeam "DVTK II."]
[BlackTeam "M.Sportisk-KisBocsok"]
[WhiteTeamCountry "HUN"]
[BlackTeamCountry "HUN"]

1. e4 c6 2. d4 d5 3. exd5 cxd5 4. Bd3 Nc6 5. c3 Qc7 6. h3 h6 7. Nf3 Nf6 8. O-O g5 9. Nh2 Rg8 10. Be2 Bf5 11. Bg4 Nxg4 12. hxg4 Bg6 13. Nd2 e6 14. Re1 Bd6 15. Nhf3 O-O-O 16. Qe2 Be4 17. Rd1 f5 18. Ne5 Nxe5 19. dxe5 Bxe5 20. f3 Bh2+ 21. Kf1 h5 22. gxh5 Rh8 23. fxe4 fxe4 24. c4 Qe5 25. cxd5 exd5 26. Qg4+ Kb8 0-1

[Event "NB2 Barcza csoport"]
[Site "Miskolc"]
[Date "2024.12.15"]
[Round "4.12"]
[White "Nagy, Martin"]
[Black "Toth, Antal Kazimierz"]
[Result "1-0"]
[WhiteElo "1743"]
[BlackElo "1581"]
[PlyCount "47"]
[GameId "2123406837660364"]
[EventDate "2024.11.03"]
[EventType "team-tourn"]
[EventRounds "9"]
[EventCountry "HUN"]
[Source "chess.hu"]
[WhiteTeam "M.Sportisk-KisBocsok"]
[BlackTeam "DVTK II."]
[WhiteTeamCountry "HUN"]
[BlackTeamCountry "HUN"]

1. e4 e5 2. Nf3 Nc6 3. Bc4 Nf6 4. Nc3 Be7 5. d3 d6 6. h3 O-O 7. O-O Be6 8. Bb3 h6 9. Be3 d5 10. exd5 Nxd5 11. Nxd5 Bxd5 12. Re1 Bxb3 13. axb3 Bd6 14. Qd2 Qf6 15. d4 exd4 16. Nxd4 Bc5 17. Nxc6 Bxe3 18. Rxe3 Qxc6 19. Rc3 Qb6 20. Qf4 Rac8 21. Rd1 c6 22. Rg3 Kh8 23. Rd7 Qa6 24. Qe4 1-0

[Event "NB2 Barcza csoport"]
[Site "Debrecen"]
[Date "2024.12.15"]
[Round "4.1"]
[White "Forgacs, Jozsef"]
[Black "Mate, Balazs"]
[Result "1/2-1/2"]
[WhiteElo "2208"]
[BlackElo "2062"]
[PlyCount "62"]
[GameId "2123413263638273"]
[EventDate "2024.11.03"]
[EventType "team-tourn"]
[EventRounds "9"]
[EventCountry "HUN"]
[Source "chess.hu"]
[WhiteTeam "Karsol-DSBK"]
[BlackTeam "DEAC-Debr.Sakkiskola"]
[WhiteTeamCountry "HUN"]
[BlackTeamCountry "HUN"]

1. d4 d5 2. c4 c6 3. Nf3 Nf6 4. Nbd2 e6 5. e3 Nbd7 6. Bd3 Bd6 7. O-O O-O 8. e4 dxe4 9. Nxe4 Nxe4 10. Bxe4 f5 11. Bc2 h6 12. Re1 Nf6 13. b3 b6 14. Bb2 Qc7 15. Qe2 Bd7 16. Rad1 Bb4 17. Rf1 Bd6 18. Ne5 Bc8 19. h3 Bb7 20. Nd3 Qe7 21. Rfe1 Rfe8 22. Ne5 Rad8 23. Bb1 Bb4 24. Rf1 Bd6 25. Qc2 Ne4 26. f3 Ng3 27. Rfe1 h5 28. f4 Kh7 29. Kh2 h4 30. Bc1 Bxe5 31. Rxe5 Qf7 1/2-1/2

[Event "NB2 Barcza csoport"]
[Site "Debrecen"]
[Date "2024.12.15"]
[Round "4.2"]
[White "Donka, Peter"]
[Black "Braun, Marton"]
[Result "1-0"]
[WhiteElo "1980"]
[BlackElo "2151"]
[PlyCount "107"]
[GameId "2123413303852819"]
[EventDate "2024.11.03"]
[EventType "team-tourn"]
[EventRounds "9"]
[EventCountry "HUN"]
[Source "chess.hu"]
[WhiteTeam "DEAC-Debr.Sakkiskola"]
[BlackTeam "Karsol-DSBK"]
[WhiteTeamCountry "HUN"]
[BlackTeamCountry "HUN"]

1. d4 Nf6 2. Nc3 d5 3. Bf4 e6 4. e3 Be7 5. g4 b6 6. Qf3 Bb7 7. Bd3 c5 8. g5 Nfd7 9. Nb5 Na6 10. h4 Nf8 11. O-O-O Qd7 12. dxc5 bxc5 13. Qg3 Ng6 14. Nd6+ Bxd6 15. Bxd6 O-O-O 16. Bxa6 Qxd6 17. Bxb7+ Kxb7 18. Qxd6 Rxd6 19. Nf3 h5 20. gxh6 Rxh6 21. h5 Nh8 22. Rdg1 Rh7 23. Rg3 g6 24. Rgh3 gxh5 25. Rxh5 Rxh5 26. Rxh5 Rd8 27. Rh7 Rf8 28. Ne5 Kc7 29. f4 a6 30. Kd2 Kc8 31. Rg7 Kd8 32. Nd3 c4 33. Ne5 Ke7 34. Kc3 Kf6 35. Rg1 Rd8 36. b4 Ng6 37. Nc6 Rh8 38. a4 Rh3 39. Kd4 Ne7 40. Nxe7 Kxe7 41. b5 axb5 42. axb5 Kd6 43. Ra1 Rh2 44. Ra6+ Kc7 45. c3 Rb2 46. Kc5 Kb7 47. Rd6 Kc7 48. b6+ Kc8 49. Rc6+ Kd8 50. Rc7 f6 51. Kc6 e5 52. b7 d4 53. exd4 exd4 54. Rd7+ 1-0

[Event "NB2 Barcza csoport"]
[Site "Debrecen"]
[Date "2024.12.15"]
[Round "4.3"]
[White "Debreceni, Mate"]
[Black "Hegedus, Gyorgy"]
[Result "1/2-1/2"]
[WhiteElo "2091"]
[BlackElo "2039"]
[PlyCount "67"]
[GameId "2123413340729123"]
[EventDate "2024.11.03"]
[EventType "team-tourn"]
[EventRounds "9"]
[EventCountry "HUN"]
[Source "chess.hu"]
[WhiteTeam "Karsol-DSBK"]
[BlackTeam "DEAC-Debr.Sakkiskola"]
[WhiteTeamCountry "HUN"]
[BlackTeamCountry "HUN"]

1. e4 e5 2. Nf3 Nc6 3. d4 exd4 4. Nxd4 d6 5. Nc3 Nf6 6. Bf4 Be7 7. Qd2 O-O 8. O-O-O Nxd4 9. Qxd4 Be6 10. f3 Nd7 11. Qd2 Ne5 12. Nd5 Bxd5 13. exd5 Bf6 14. h4 h6 15. Qf2 c5 16. g4 Ng6 17. Bg3 Bd4 18. Qh2 Qf6 19. c3 Be5 20. Bxe5 Qxe5 21. Qxe5 Nxe5 22. Be2 f5 23. g5 Kf7 24. f4 Ng4 25. Bxg4 fxg4 26. h5 Ke7 27. Rde1+ Kd7 28. gxh6 gxh6 29. Re6 Rae8 30. Rxh6 Rxf4 31. Rh7+ Kc8 32. h6 Re2 33. Rg7 Rff2 34. h7 1/2-1/2

[Event "NB2 Barcza csoport"]
[Site "Debrecen"]
[Date "2024.12.15"]
[Round "4.5"]
[White "Kelemen, Imre"]
[Black "Koncz, Istvan"]
[Result "1-0"]
[WhiteElo "1997"]
[BlackElo "1914"]
[PlyCount "77"]
[GameId "2123413414666053"]
[EventDate "2024.11.03"]
[EventType "team-tourn"]
[EventRounds "9"]
[EventCountry "HUN"]
[Source "chess.hu"]
[WhiteTeam "Karsol-DSBK"]
[BlackTeam "DEAC-Debr.Sakkiskola"]
[WhiteTeamCountry "HUN"]
[BlackTeamCountry "HUN"]

1. Nf3 Nf6 2. g3 d5 3. Bg2 g6 4. O-O Bg7 5. c4 c6 6. d3 O-O 7. Nc3 dxc4 8. dxc4 Be6 9. Nd2 Nbd7 10. Qc2 Qc7 11. b3 Nb6 12. Bb2 Rad8 13. a4 a5 14. Rad1 Qc8 15. Nce4 Bf5 16. Nxf6+ Bxf6 17. e4 Bxb2 18. Qxb2 Bh3 19. Qe5 Bxg2 20. Kxg2 Rd3 21. Qxa5 Rfd8 22. Qxb6 Rxd2 23. Rxd2 Rxd2 24. a5 Qd7 25. Ra1 Re2 26. a6 bxa6 27. Rxa6 Qd2 28. Qb8+ Kg7 29. Qe5+ Kh6 30. Qf4+ Qxf4 31. gxf4 Rxe4 32. Rxc6 Rxf4 33. b4 Rg4+ 34. Kf3 Rg1 35. b5 Rb1 36. b6 Kg5 37. c5 Kf5 38. Rc7 Kf6 39. b7 1-0

[Event "NB2 Barcza csoport"]
[Site "Debrecen"]
[Date "2024.12.15"]
[Round "4.6"]
[White "Biro, Beata"]
[Black "Dani, Peter"]
[Result "1/2-1/2"]
[WhiteElo "1876"]
[BlackElo "1967"]
[PlyCount "52"]
[GameId "2123413457170261"]
[EventDate "2024.11.03"]
[EventType "team-tourn"]
[EventRounds "9"]
[EventCountry "HUN"]
[Source "chess.hu"]
[WhiteTeam "DEAC-Debr.Sakkiskola"]
[BlackTeam "Karsol-DSBK"]
[WhiteTeamCountry "HUN"]
[BlackTeamCountry "HUN"]

1. e4 c5 2. Nc3 d6 3. d4 cxd4 4. Qxd4 Nc6 5. Qd2 Nf6 6. b3 a6 7. Bb2 e5 8. O-O-O Be6 9. f3 Qa5 10. Kb1 Be7 11. g4 h6 12. Bg2 O-O-O 13. Qf2 Kb8 14. Nge2 d5 15. exd5 Nxd5 16. Nxd5 Bxd5 17. Nc3 Be6 18. h3 Bc5 19. Qg3 Bd4 20. f4 exf4 21. Qxf4+ Be5 22. Qe3 Bd4 23. Qg3+ Be5 24. Qe3 Bd4 25. Qg3+ Be5 26. Qe3 Bd4 1/2-1/2

[Event "NB2 Barcza csoport"]
[Site "Debrecen"]
[Date "2024.12.15"]
[Round "4.7"]
[White "Szava, Miklos"]
[Black "Filep, Ferenc"]
[Result "1-0"]
[WhiteElo "1978"]
[BlackElo "2011"]
[PlyCount "83"]
[GameId "2123413504434021"]
[EventDate "2024.11.03"]
[EventType "team-tourn"]
[EventRounds "9"]
[EventCountry "HUN"]
[Source "chess.hu"]
[WhiteTeam "Karsol-DSBK"]
[BlackTeam "DEAC-Debr.Sakkiskola"]
[WhiteTeamCountry "HUN"]
[BlackTeamCountry "HUN"]

1. e4 Nf6 2. e5 Nd5 3. c4 Nb6 4. d4 d6 5. exd6 exd6 6. Bd3 Nc6 7. Be3 Be7 8. h3 O-O 9. Nf3 Nb4 10. O-O Nxd3 11. Qxd3 g6 12. Nbd2 Bf5 13. Qb3 Re8 14. Rfe1 Bf6 15. Nf1 a5 16. Ng3 a4 17. Qb4 Bc8 18. Rad1 d5 19. c5 Nd7 20. Ne2 Nf8 21. Nf4 Ne6 22. Nd3 c6 23. Nde5 Qa5 24. Qa3 Bg7 25. Qd3 f6 26. Ng4 Qc7 27. Qd2 h5 28. Nh6+ Kh7 29. Nh4 Bd7 30. Nf7 Rf8 31. Nd6 b5 32. Qd3 f5 33. g4 Bf6 34. Nxg6 Kxg6 35. gxf5+ Kg7 36. fxe6 Bxe6 37. Bh6+ Kxh6 38. Rxe6 Qg7+ 39. Kh1 Qg6 40. Nf5+ Kh7 41. Rg1 Qf7 42. Nd6+ 1-0

[Event "NB2 Barcza csoport"]
[Site "Debrecen"]
[Date "2024.12.15"]
[Round "4.8"]
[White "Fazokan, Marcell"]
[Black "Borbely, Zsombor"]
[Result "1-0"]
[WhiteElo "2000"]
[BlackElo "1868"]
[PlyCount "106"]
[GameId "2123413555437431"]
[EventDate "2024.11.03"]
[EventType "team-tourn"]
[EventRounds "9"]
[EventCountry "HUN"]
[Source "chess.hu"]
[WhiteTeam "DEAC-Debr.Sakkiskola"]
[BlackTeam "Karsol-DSBK"]
[WhiteTeamCountry "HUN"]
[BlackTeamCountry "HUN"]

1. d4 d5 2. Bf4 f5 3. e3 Nf6 4. Nf3 e6 5. c4 Be7 6. Nc3 c6 7. Bd3 O-O 8. Qb3 Qb6 9. c5 Qd8 10. O-O Nbd7 11. Rfc1 Nh5 12. a4 a5 13. Qc2 g5 14. Bg3 Nxg3 15. hxg3 g4 16. Nd2 Bg5 17. Re1 Qc7 18. Ne2 Nf6 19. Nf4 Qg7 20. b4 h5 21. b5 Kf7 22. Kf1 Rh8 23. Ke2 Bd7 24. Rh1 h4 25. gxh4 Bxh4 26. g3 Bg5 27. Nb3 Bxf4 28. exf4 Rh3 29. Kd2 Rah8 30. Rhe1 Rh2 31. Kc3 Ne4+ 32. Bxe4 fxe4 33. Nxa5 cxb5 34. axb5 Bxb5 35. Nxb7 Bd3 36. Qb2 Kg6 37. Nd6 R8h3 38. Re3 Rg2 39. Qb8 Rxf2 40. Ra7 Rc2+ 41. Kb3 Rb2+ 42. Kxb2 Qxd4+ 43. Kb3 Bc2+ 44. Ka2 Bb1+ 45. Ka3 Qxc5+ 46. Kb3 Qxe3+ 47. Ka4 Qd4+ 48. Ka5 Qa1+ 49. Kb6 Qd4+ 50. Ka5 Qc3+ 51. Kb6 Rh8 52. Qb7 Qb4+ 53. Nb5 Rb8 1-0

[Event "NB2 Barcza csoport"]
[Site "Debrecen"]
[Date "2024.12.15"]
[Round "4.9"]
[White "Bekesi, Aron"]
[Black "Halasi, Szabolcs"]
[Result "1/2-1/2"]
[WhiteElo "1899"]
[BlackElo "1848"]
[PlyCount "90"]
[GameId "2123413595365257"]
[EventDate "2024.11.03"]
[EventType "team-tourn"]
[EventRounds "9"]
[EventCountry "HUN"]
[Source "chess.hu"]
[WhiteTeam "Karsol-DSBK"]
[BlackTeam "DEAC-Debr.Sakkiskola"]
[WhiteTeamCountry "HUN"]
[BlackTeamCountry "HUN"]

1. e4 e6 2. d4 d5 3. Nc3 Nf6 4. e5 Nfd7 5. f4 c5 6. Nf3 Nc6 7. Be3 Be7 8. Be2 O-O 9. O-O f6 10. Kh1 cxd4 11. Nxd4 Nxd4 12. Bxd4 fxe5 13. fxe5 a6 14. Bd3 Rxf1+ 15. Qxf1 Nc5 16. Bxc5 Bxc5 17. Qf3 Qe7 18. Qh3 g6 19. Rf1 Bd7 20. Rf6 Rf8 21. Rxf8+ Qxf8 22. Qg3 Qf2 23. Qxf2 Bxf2 24. Ne2 g5 25. g3 Kg7 26. Kg2 Bb6 27. Kf3 Bc7 28. c3 Bxe5 29. h3 h6 30. g4 Kf6 31. Nc1 Bd6 32. Nb3 e5 33. Bh7 b6 34. Bg8 Bc6 35. Ke2 a5 36. Nd2 e4 37. Nf1 Bb5+ 38. Ke1 Bxf1 39. Kxf1 Ke5 40. Ke2 d4 41. cxd4+ Kxd4 42. b3 Bg3 43. a4 Ke5 44. Bc4 Kd4 45. Bb5 Bf4 1/2-1/2

[Event "NB2 Barcza csoport"]
[Site "Debrecen"]
[Date "2024.12.15"]
[Round "4.11"]
[White "Aranyi, Laszlo"]
[Black "Radai, Balazs"]
[Result "0-1"]
[WhiteElo "1867"]
[BlackElo "1834"]
[PlyCount "48"]
[GameId "2123413660516265"]
[EventDate "2024.11.03"]
[EventType "team-tourn"]
[EventRounds "9"]
[EventCountry "HUN"]
[Source "chess.hu"]
[WhiteTeam "Karsol-DSBK"]
[BlackTeam "DEAC-Debr.Sakkiskola"]
[WhiteTeamCountry "HUN"]
[BlackTeamCountry "HUN"]

1. e4 c6 2. d4 d5 3. Nc3 dxe4 4. Nxe4 Nf6 5. Ng5 e6 6. Bc4 Nbd7 7. Qe2 Nb6 8. N1f3 Nxc4 9. Qxc4 Be7 10. Bd2 O-O 11. Qd3 c5 12. c3 b6 13. Ne5 Bb7 14. Ng4 g6 15. Qh3 h5 16. Nh6+ Kg7 17. Nhxf7 Qd5 18. Ne5 Ng4 19. c4 Qxg2 20. Nxe6+ Kg8 21. Qxg2 Bxg2 22. Rg1 Rf6 23. Rxg2 Rxe6 24. Be3 cxd4 0-1

[Event "NB2 Barcza csoport"]
[Site "Debrecen"]
[Date "2024.12.15"]
[Round "4.12"]
[White "Gajdacs, Jonathan"]
[Black "Csatari, Laszlo"]
[Result "1-0"]
[WhiteElo "1834"]
[BlackElo "1874"]
[PlyCount "38"]
[GameId "2123413700181945"]
[EventDate "2024.11.03"]
[EventType "team-tourn"]
[EventRounds "9"]
[EventCountry "HUN"]
[Source "chess.hu"]
[WhiteTeam "DEAC-Debr.Sakkiskola"]
[BlackTeam "Karsol-DSBK"]
[WhiteTeamCountry "HUN"]
[BlackTeamCountry "HUN"]

1. d4 Nf6 2. c4 e6 3. Nf3 d5 4. Nc3 b6 5. Bf4 Bd6 6. Bg5 Bb7 7. cxd5 exd5 8. e3 O-O 9. Bd3 h6 10. h4 Nbd7 11. Bf5 Qe8 12. Bxf6 Nxf6 13. Qc2 c5 14. O-O-O c4 15. g4 g6 16. g5 Nh7 17. gxh6 gxf5 18. Rdg1+ Kh8 19. Rg7 Qe6 1-0

[Event "NB2 Barcza csoport"]
[Site "Fehergyarmat"]
[Date "2024.12.15"]
[Round "4.1"]
[White "Becskei, Zoltan"]
[Black "Szabo, Attila"]
[Result "1/2-1/2"]
[WhiteElo "2255"]
[BlackElo "2144"]
[PlyCount "27"]
[GameId "2123417819110117"]
[EventDate "2024.11.03"]
[EventType "team-tourn"]
[EventRounds "9"]
[EventCountry "HUN"]
[Source "chess.hu"]
[WhiteTeam "Mezokovesd Zsory SE"]
[BlackTeam "Fehergyarmati SE"]
[WhiteTeamCountry "HUN"]
[BlackTeamCountry "HUN"]

1. e4 e5 2. Nf3 Nc6 3. Bb5 a6 4. Bxc6 dxc6 5. O-O f6 6. d4 exd4 7. Nxd4 c5 8. Nb3 Qxd1 9. Rxd1 Bd6 10. Na5 b5 11. c4 Ne7 12. Nc3 Rb8 13. a4 bxa4 14. Rxa4 1/2-1/2